| 000 | 01493cam a2200361 i 4500 | ||
|---|---|---|---|
| 001 | 12038101 | ||
| 003 | EG-ScBUE | ||
| 005 | 20240703124215.0 | ||
| 008 | 000612s2001 enkab f b 001 0 eng d | ||
| 020 | _a0195082095 (acid-free paper) | ||
| 020 | _a9780195082098 | ||
| 040 |
_aDLC _beng _erda _cDLC _dDLC _dEG-ScBUE |
||
| 043 | _an-us--- | ||
| 082 | 0 | 4 |
_a973.03 _bOXF _222 |
| 245 | 0 | 4 |
_aThe Oxford companion to United States history / _ceditor in chief, Paul S. Boyer ; editors, Melvyn Dubofsky [and four others] |
| 246 | 3 | 0 | _aUnited States history |
| 264 | 1 |
_aOxford ; _aNew York : _bOxford University Press, _c2001. |
|
| 300 |
_axliv, 940 pages : _billustrations, maps ; _c27 cm |
||
| 336 |
_2rdacontent _atext _btxt |
||
| 337 |
_aunmediated _2rdamedia _bn |
||
| 338 |
_avolume _bnc _2rdacarrier |
||
| 504 | _aIncludes bibliographical references and index. | ||
| 651 | 7 |
_aUnited States _xHistory _vEncyclopedias. _2BUEsh |
|
| 653 |
_bBUSBOL _cMarch2018 |
||
| 655 |
_vReading book _934232 |
||
| 700 | 1 |
_aBoyer, Paul S., _eeditor. |
|
| 700 | 1 |
_aDubofsky, Melvyn, _d1934-, _eeditor of compilation. |
|
| 856 | 4 | 2 |
_3Book review (H-Net) _uhttp://www.h-net.org/review/hrev-a0c0i3-aa |
| 856 | 4 | 2 |
_3Publisher description _uhttp://www.loc.gov/catdir/enhancements/fy0610/00055801-d.html |
| 856 | 4 | 1 | _uhttp://www.oxfordreference.com/views/BOOK_SEARCH.html?book=t119 |
| 856 | 4 | 2 |
_3Contributor biographical information _uhttp://www.loc.gov/catdir/enhancements/fy0724/00055801-b.html |
| 942 |
_2ddc _cBB |
||
| 999 |
_c26433 _d26405 |
||